LEADER 00816naa a2200217 u 4500 001 000000093474 003 CaOOAMICUS 005 20070226130134.0 008 010704s1949 fr u000 u eng u 035 $a10895778 040 $aPUL(R)$bita 100 1 $aJennings, Robert Yewdall,$d1913-$0(OLS)http://pul/name/60144 245 10$aSome aspects of the international law of the air /$cby R.Y. Jennings. 260 $a[S. l. :$bs. n.],$c1949. 300 $aP. [509-590] 504 $aBibliografia in nota. 650 4$aDiritto internazionale.$0(OLS)http://pul/subject/2505 773 0 $tRecueil des cours$gv.II (1949) 773 0 $tRecueil des cours 1949$w()59742 996 $6245$aSome aspects of the international law of the air$9(OLS)http://pul/title/120337 996 $6260$a[S. l. :$bs. n.]$9(OLS)http://pul/publisher/47882 LEADER 01338nam a2200313 a 4500 001 000000150261 003 CaOOAMICUS 005 20160310094134.0 008 160310s1982 it u000 u ita r 020 $a8821176088* 032 $aLibriCat 040 $aPUL$bita 100 1 $aBondolfi, Alberto.$0(OLS)http://pul/name/28821 245 10$aAutonomia ed emancipazione :$bverso un nuovo rapporto tra fede e morale /$cAlberto Bondolfi, Salvatore Privitera, Giannino Piana. 260 $aTorino :$bMarietti,$c1982. 300 $a116 p. ;$c20 cm. 490 1 $aCronache teologiche ;$v09 500 $aContiene indice. 650 4$aMorale e religione.$0(OLS)http://pul/subject/10107 700 1 $aPiana, Giannino,$d1939-2023.$0(OLS)http://pul/name/35581 700 1 $aPrivitera, Salvatore.$0(OLS)http://pul/name/5949 830 0$aCronache teologiche ;$v09.$0(OLS)http://pul/title/76878 850 $aPUL 852 $aPUL$W1$xDP1 Fondo Bordoni$y120$m3 L 35$j167883$qFondi$B174767$CPULBib$Z2$F174767 $HBor1455 $81 941 1 $a1 996 $6020$a8821176088*$9(OLS)http://pul/number/160009 996 $6245$aAutonomia ed emancipazione :$bverso un nuovo rapporto tra fede e morale$9(OLS)http://pul/title/189365 996 $6260$aTorino :$bMarietti$9(OLS)http://pul/publisher/48186